00461nam a2200145Ia 4500008004100000020001800041041000800059082001600067100004300083245009900126250000600225260004100231300001500272650002800287210716s2018 xx 000 0 und d a9788126507969 aeng a658.84 PAPM aPapazoglou, Michael P; Ribbers Pieter. aE-business: organizational and technical foundationsbOrganizational and technical foundations a1 aNew DelhibWiley India Pvt Ltdc2018 axxviii,722 aInternational Marketing